| 000 | 00482nam a2200181 a 4500 | ||
|---|---|---|---|
| 020 | _a0646253891 | ||
| 040 | _cDLC | ||
| 082 | _a920 BOO 1995 A104 Or. | ||
| 100 | 1 | _aPearson, Arthur, | |
| 245 | 1 | 0 | _aBrothers, battlers, and bastards / |
| 260 |
_aBrisbane, QLD : _bBoolarong Press, _c1995. |
||
| 300 |
_avii, 226 p. : _bill. ; _c25 cm. |
||
| 650 | 0 | _aWorld War, 1939-1945 | |
| 650 | 0 | _aWorld War, 1939-1945 | |
| 650 | 0 | _aWorld War, 1939-1945 | |
| 650 | 0 | _aSoldiers | |
| 942 | _cEK | ||
| 999 |
_c14207 _d14207 |
||